| 000 | 00793nam a22002175i 4500 | ||
|---|---|---|---|
| 001 | 176100 | ||
| 003 | ES-MaACL | ||
| 005 | 20240513170013.0 | ||
| 008 | 101216s1961 sp f |||| | spa d | ||
| 080 | _a75 Velázquez, Diego | ||
| 100 | 1 |
_aSánchez Cantón, Francisco Javier, _d1891-1971 _9102521 |
|
| 245 | 1 | 0 |
_aVelázquez y "lo clásico" / _cF. J. Sánchez Cantón. |
| 260 |
_aMadrid : _bTaurus, _cimp. 1961. |
||
| 300 |
_a27, [4] p. de lám. bl. y n. ; _c24 cm. |
||
| 490 | 1 |
_aCuadernos de la Fundación Pastor ; _v5 |
|
| 600 | 1 | 4 |
_aVelázquez, Diego, _d1599-1660 _9113793 |
| 710 | 2 |
_aFundación Pastor de Estudios Clásicos. _94386 |
|
| 830 | 0 |
_aCuadernos de la Fundación Pastor ; _v5 _9182742 |
|
| 852 |
_aES-MaACL _j2273-F-7 _xOlim P-1029-bis |
||
| 999 |
_c176100 _d176100 |
||